00948nam a2200289Ia 4500001000700000003000500007008004100012010001100053040000900064090001700073100004600090245010600136260008700242300001000329440002800339500000500367503000800372650006700380650004200447901001600489902000600505910000900511942000800520942000800528999001900536952010300555Z_4979CHAP220113s1994 xx 000 0 und d a168034 cCHAP aFolleto 658  aMendoza Martínez, Germán David974686 aProcesos de producción de leche /cpor Germán David Mendoza Martínez y Raúl Ricalde Velasco aMéxico, D. F. :bUniversidad Autónoma Metropolitana. Unidad Xochimilco,c1994 a87 p. aLibros de texto9142292 a aC/E aGanado lecheroxNutrición I. Ricalde Velasco, Raúl9142293 aGanado lecheroxProducción 945288 aFolleto 658 aA a1994 cc14 cc14 c168034d168034 00102local40708FOLLaZbZc3d2005-11-09l0pz_A1778r2022-01-18 00:00:00t1w2022-01-18yFOLL